LEADER 02903nam0 22003373i 450 001 VAN00260106 005 20240806101500.594 010 $a978-88-916593-7-8 100 $a20230622d2022 |0itac50 ba 101 $aita 102 $aIT 105 $a|||| ||||| 200 1 $aValutazione sismica e tecniche di intervento per edifici esistenti in c.a. : strategie di modellazione, analisi non lineari statistiche e dinamiche, verifiche prestazionali, pre e post intervento$eaggiornato alla circolare esplicativa NTC18 del 21 gennaio 2019, n. 7$fRui Pinho, Federica Bianchi, Roberto Nascimbene 205 $a2. ed.$barricchita con nuovi esempi pratici 210 $aSantarcangelo di Romagna$cMaggioli$d2022 215 $a362 p.$cill.$d24 cm 330 $aLa seconda edizione di questo volume, rivisitata integralmente e arricchita con nuovi esempi pratici, fornisce agli ingegneri strutturisti e a tutti quei professionisti che, in generale, operano nell?ambito della valutazione sismica degli edifici esistenti in cemento armato, gli strumenti necessari per effettuare in modo ancora più consapevole le opportune verifiche di sicurezza sismica secondo la normativa vigente. A tal proposito sono discusse le più appropriate strategie di modellazione/analisi strutturale in ambito non lineare sia statico (pushover) che dinamico (time-history). Vengono inoltre trattate le più diffuse tecniche di intervento per la riabilitazione delle strutture esistenti in cemento armato gettate in opera e prefabbricate, ricorrendo anche ad esempi di modellazione numerica di alcuni interventi di adeguamento/miglioramento sismico. 410 1$1001VAN00125621$12001 $aCostruzioni, antisismica & normativa tecnica$1210 $aSantarcangelo di Romagna$cMaggioli$v3 606 $aCostruzioni in cemento armato$xStabilità$3VANC035457$2AR 620 $dSantarcangelo di Romagna$3VANL000123 700 1$aPinho$bRui$3VANV044944$0434192 701 1$aBianchi$bFederica$3VANV097081$0569551 701 1$aNascimbene$bRoberto$3VANV093075$0764107 712 02$aMaggioli$ceditore$3VANV108045 801 $aIT$bSOL$c20240906$gRICA 856 4 $uhttps://www.maggiolieditore.it/valutazione-sismica-e-tecniche-di-intervento-per-edifici-esistenti-in-c-a.html$zhttps://www.maggiolieditore.it/valutazione-sismica-e-tecniche-di-intervento-per-edifici-esistenti-in-c-a.html 899 $aBIBLIOTECA DEL DIPARTIMENTO DI ARCHITETTURA E DISEGNO INDUSTRIALE$1IT-CE0107$2VAN01 912 $aVAN00260106 950 $aBIBLIOTECA DEL DIPARTIMENTO DI ARCHITETTURA E DISEGNO INDUSTRIALE$d01PREST IIEb159 $e01BDA2088 20230622 996 $aValutazione sismica e tecniche di intervento per edifici esistenti in c.a. : strategie di modellazione, analisi non lineari statistiche e dinamiche, verifiche prestazionali, pre e post intervento$93390030 997 $aUNICAMPANIA